All GFW Title Winners - Statistics

General Stats
  • This quiz has been taken 29 times
  • The average score is 7 of 14
Answer Stats
Title Champion % Correct
GFW Global Alberto El Patron
82%
GFW NEX*GEN Cody Rhodes
73%
GFW Global Nick Aldis
64%
GFW Global Eli Drake
55%
GFW Tag Team Dave Crist
45%
GFW Tag Team Jake Crist
45%
GFW Tag Team Ortiz
45%
GFW NEX*GEN PJ Black
45%
GFW Tag Team Santana
45%
GFW Women's Christina Von Eerie
36%
GFW Women's Sienna
36%
GFW NEX*GEN Sonjay Dutt
36%
GFW Tag Team Gurv Sihra
27%
GFW Tag Team Harv Sihra
27%
No matching quizzes found
Score Distribution
Percent of People with Each Score
Percentile by Number Answered
Your Score History
You have not taken this quiz